000 00394nam a22001697a 4500
005 20180221114219.0
008 160625b xxu||||| |||| 00| 0 eng d
020 _a81-203-2682-2
041 _aeng
082 _b9943
_a174.4
100 _aPratley, Peter
_92718
245 _aThe Essence of Business Ethics
260 _bPHI
_c2003
300 _a228
650 _aManagement
_9241
942 _cBK
999 _c3909
_d3908